| 000 | 00612nam a22001097a 4500 | ||
|---|---|---|---|
| 008 | 160314b xxu||||| |||| 00| 0 eng d | ||
| 100 | _aErler, Martin | ||
| 245 |
_aKatalog der Stempelmarken von Deutschland V. Danzig, Memel, Oberschlesien Vol 5 (1980) _bCatalogue of the adhesive revenue stamps of Germany V. Danzig, Memel, Oberschlesien |
||
| 260 |
_aIcking, Germany _bORA Verlag _c1980 |
||
| 650 | _aGermany | Danzig (1920-1939) | Memel | Upper Silesia (1920-1923) Plebiscites | Revenues | Overprints and Surcharges | Revenue Cancellations | Catalogs and Price Lists | Cinderella Material | ||
| 700 | _aNorton, John A. | ||
| 999 |
_c1828 _d1828 |
||